|
|
|
|
| LEADER |
01122nam a2200289 a 4500 |
| 001 |
498607 |
| 008 |
100621r20061986nyua 001 0 eng d |
| 010 |
|
|
|a 85023108
|
| 020 |
|
|
|a 0070601682
|
| 020 |
|
|
|a 0070380015 (pbk.)
|
| 040 |
|
|
|a DLC
|c DLC
|d DLC
|d BD-DhAAL
|
| 082 |
0 |
0 |
|a 005.7/3
|2 19
|
| 100 |
1 |
|
|a Lipschutz, Seymour.
|
| 245 |
1 |
0 |
|a Schaum's outline of theory and problems of data structures /
|c Seymour Lipschutz and G.A. Vijaylakshmi Pai
|
| 260 |
|
|
|a New York ;
|a New Delhi :
|b McGraw-Hill,
|c c1986.[Reprinted 2006]
|
| 300 |
|
|
|a v. p. :
|b ill. ;
|c 28 cm.
|
| 490 |
0 |
|
|a Schaum's outline series.
|p Schaum's outline series in computers
|
| 500 |
|
|
|a Includes index.
|
| 541 |
1 |
|
|e 00016436
|
| 650 |
|
0 |
|a Data structures (Computer science)
|
| 700 |
1 |
|
|a Pai,G.A. Vijaylakshmi.
|
| 740 |
0 |
|
|a Data structures.
|
| 740 |
0 |
|
|a Theory and problems of data structures.
|
| 852 |
4 |
|
|a Ayesha Abed Library
|j General shelf
|
| 942 |
0 |
0 |
|0 1
|
| 999 |
|
|
|c 9019
|d 9019
|
| 952 |
|
|
|0 0
|1 0
|2 ddc
|4 0
|6 005_730000000000000_LIP_2006
|7 0
|9 11141
|a BRACUL
|b BRACUL
|c GEN
|d 2010-06-21
|l 24
|m 197
|o 005.73 LIP
|p 3010016436
|r 2024-12-02
|s 2024-10-21
|t 1
|w 2010-06-21
|y BK
|